Statistiques concernant Pays du Mékong-Gange (CMG/MGC)

Cliquez ici pour prendre le quiz!

Statistiques générales

  • Ce quiz a été pris 27 fois
  • Le résultat moyen est 6 sur 6

Statistiques - réponses

Pays% Correct
Inde
100%
Cambodge
96%
Laos
96%
Thailande
96%
Viêt Nam
96%
Myanmar
92%

Distribution des résultats

Percentile par nombre de réponses

% des personnes avec chaque résultat

Votre développement - résultats

Vous n’avez pas pris ce quiz